Исследование временных параметров газоразрядных преобразователей; Известия Томского политехнического университета [Известия ТПУ]; Неразрушающий контроль и диагностика

Библиографические подробности
Источник:Известия Томского политехнического университета [Известия ТПУ]/ Томский политехнический университет (ТПУ).— , 2000-
Неразрушающий контроль и диагностика.— 1998.— [С. 101-111]
Другие авторы: Кулешов В. К. Валерий Константинович, Ланшаков В. Н., Зайцев А. К., Ковалева Л. Э.
Примечания:Заглавие с титульного листа
Электронная версия печатной публикации
Объектом исследований в данной работе явились временные параметры газоразрядного рентгеновского преобразователя (ГРП): время памяти радиационного изображения и время восстановления электрической прочности газоразрядного промежутка. В процессе выполнения работы из радиального распределения поглощенной энергии в газовом зазоре ГРП определялась собственная нерезкость и влияние на нее различных элементарных процессов в чистом ксеноне и в ксеноне с добавками воздуха. Время восстановления определялось в зависимости от коэффициента усиления газового разряда, учитывалось влияние "очищающих" полей и воздушных добавок.
Язык:русский
Опубликовано: 1998
Предметы:
Online-ссылка:http://www.lib.tpu.ru/fulltext/v/Bulletin_TPU/1998/25.pdf
Формат: Электронный ресурс Статья
Запись в KOHA:https://koha.lib.tpu.ru/cgi-bin/koha/opac-detail.pl?biblionumber=161683

MARC

LEADER 00000nla2a2200000 4500
001 161683
005 20231031155947.0
035 |a (RuTPU)RU\TPU\book\175329 
035 |a RU\TPU\book\175328 
090 |a 161683 
100 |a 20090611d1998 k y0rusy50 ca 
101 0 |a rus 
102 |a RU 
135 |a drnn ---uucaa 
181 0 |a i  
182 0 |a b 
200 1 |a Исследование временных параметров газоразрядных преобразователей  |b Электронный ресурс  |f В. К. Кулешов [и др.] 
203 |a Текст  |c электронный 
215 |a 1 файл (1.1 Мб) 
230 |a Электронные текстовые данные (1 файл : 1.1 Мб) 
300 |a Заглавие с титульного листа 
300 |a Электронная версия печатной публикации 
320 |a Библиогр.: 13 назв. 
330 |a Объектом исследований в данной работе явились временные параметры газоразрядного рентгеновского преобразователя (ГРП): время памяти радиационного изображения и время восстановления электрической прочности газоразрядного промежутка. В процессе выполнения работы из радиального распределения поглощенной энергии в газовом зазоре ГРП определялась собственная нерезкость и влияние на нее различных элементарных процессов в чистом ксеноне и в ксеноне с добавками воздуха. Время восстановления определялось в зависимости от коэффициента усиления газового разряда, учитывалось влияние "очищающих" полей и воздушных добавок. 
337 |a Adobe Reader 
461 1 |0 (RuTPU)RU\TPU\book\176237  |t Известия Томского политехнического университета [Известия ТПУ]  |f Томский политехнический университет (ТПУ)  |d 2000-  
463 1 |0 (RuTPU)RU\TPU\book\15040  |y 5-89503-028-9  |t Неразрушающий контроль и диагностика  |o сборник статей  |f под ред. В. Л. Чахлова  |v [С. 101-111]  |d 1998  |p 128 с. 
610 1 |a газоразрядные рентгеновские преобразователи 
610 1 |a временные параметры 
610 1 |a исследование 
610 1 |a труды учёных ТПУ 
610 1 |a электронный ресурс 
701 1 |a Кулешов  |b В. К.  |c специалист в области неразрушающего контроля  |c профессор Томского политехнического университета, доктор технических наук  |f 1939-  |g Валерий Константинович  |2 stltpush  |3 (RuTPU)RU\TPU\pers\19828 
701 1 |a Ланшаков  |b В. Н. 
701 1 |a Зайцев  |b А. К. 
701 1 |a Ковалева  |b Л. Э. 
801 1 |a RU  |b 63413507  |c 20090610  |g PSBO 
801 2 |a RU  |b 63413507  |c 20210317  |g PSBO 
856 4 |u http://www.lib.tpu.ru/fulltext/v/Bulletin_TPU/1998/25.pdf 
942 |c CF